Ensayos sobre el ciclo económico / (Record no. 59423)

MARC details
000 -LEADER
campo de control de longitud fija 01173nam a2200265 i 4500
001 - NÚMERO DE CONTROL
campo de control 59423
003 - IDENTIFICADOR DE NÚMERO DE CONTROL
campo de control ES-MaACL
005 - FECHA Y HORA DE LA ÚLTIMA TRANSACCIÓN
campo de control 20250402184425.0
007 - CAMPO FIJO DE DESCRIPCIÓN FÍSICA--INFORMACIÓN GENERAL
campo de control de longitud fija t|
008 - DATOS DE LONGITUD FIJA--INFORMACIÓN GENERAL
campo de control de longitud fija 031029s1946 mx ||||1| spa d
245 00 - MENCIÓN DEL TÍTULO
Título Ensayos sobre el ciclo económico /
Mención de responsabilidad, etc. seleccionados bajo la dirección de Gottfried Haberler ; versión española dirigida por Víctor L. Urquidi.
250 ## - MENCION DE EDICION
Mención de edición [1ª ed. en español].
260 ## - PUBLICACIÓN, DISTRIBUCIÓN, ETC.
Lugar de publicación, distribución, etc. México :
Nombre del editor, distribuidor, etc. Fondo de Cultura Económica,
Fecha de publicación, distribución, etc. [1946] (
Fabricante Gráf. Panamericana)
300 ## - DESCRIPCIÓN FÍSICA
Extensión 507 p. :
Otras características físicas il. ;
Dimensiones 24 cm.
510 ## - NOTA DE CITAS O REFERENCIAS BIBLIOGRÁFICAS
Nombre de la fuente CCPB,
Localización dentro de la fuente 001327635-2
650 #4 - PUNTO DE ACCESO ADICIONAL DE MATERIA--TÉRMINO DE MATERIA
9 (RLIN) 10923
Término de materia o nombre geográfico como elemento de entrada Ciclos económicos
651 #7 - PUNTO DE ACCESO ADICIONAL DE MATERIA--NOMBRE GEOGRÁFICO
9 (RLIN) 137273
Nombre geográfico México
700 1# - ENTRADA AGREGADA--NOMBRE PERSONAL
Nombre de persona Haberler, Gottfried.
9 (RLIN) 61374
700 1# - ENTRADA AGREGADA--NOMBRE PERSONAL
Nombre de persona Urquidi, Víctor L.
9 (RLIN) 112203
852 ## - LOCALIZACIÓN
Ubicación ES-MaACL
Número de control de estantería D-6522
Sublocalización o colección R.30364
-- R.M.6113
itemnumber 61680
Ubicación en estantería Sala Valle Inclán
Marcas de propiedad Sello en tinta azul de la Biblioteca del Ateneo de Madrid
Anotaciones manuscritas Anotación manuscrita en cubierta: "12"
-- Anotación manuscrita en hoja de guarda: "65.55"
Nota libre En cubierta: "22.DIC.1950".
942 ## - ELEMENTOS DE ENTRADA SECUNDARIOS (KOHA)
Fuente del sistema de clasificación o colocación Clasificación decimal universal
Tipo de ítem Koha Libro impreso
Holdings
Estatus retirado Estado de pérdida Estado de daño No para préstamo Biblioteca de origen Biblioteca actual Ubicación en estantería Fecha de adquisición Fuente de adquisición Total de préstamos Signatura topográfica completa Código de barras Visto por última vez Precio de reemplazo Tipo de ítem Koha
        Biblioteca del Ateneo de Madrid Biblioteca del Ateneo de Madrid Sala Valle Inclán 17/01/2008     D-6522 901062328 23/02/2023 23/02/2023 Libro impreso